00613nam a2200169 a 450000100100000000500170001000800410002704000250006808200150009310000260010824500460013426000410018030000210022150000700024295201140031299900170042600003655120200930075808.0120120s1974 sp 000 0 spa d aDO-SdBNPbspacBNPHU axxxbW582v1 aWhite, Patrick96280714aLos vivos y los muertos /cPatrick White. aBarcelona :bBarral Editores,c1974. a413 p. ;c21 cm. aIncluye datos biográficos del autor en la solapa de la cubierta 0010507-18MOaGRbGRcOId2012-01-20iLF1l0oxxx W582vp36551-10r2020-06-25w2020-06-25y1ZNo se presta c36042d36042